Normal view
MARC view
- الأدب العربي - أفلام
Entry Topical Term
001 - CONTROL NUMBER
- control field: 7449
003 - CONTROL NUMBER IDENTIFIER
- control field: JO-AjAnu
005 - DATE AND TIME OF LATEST TRANSACTION
- control field: 20230606071514.0
008 - FIXED-LENGTH DATA ELEMENTS
- fixed length control field: 230606|| aca||aabn | a|a d
040 ## - CATALOGING SOURCE
- Original cataloging agency: JO-AjAnu
- Transcribing agency: JO-AjAnu
150 ## - HEADING--TOPICAL TERM
- Topical term or geographic name entry element: الأدب العربي - أفلام
670 ## - SOURCE DATA FOUND
- Source citation: Work cat.: (JO-AjAnu)3852: هابي،برنارد ؛ ترجمة عفت عبد العزيز كامل, author 7448, الفيلم والمعمل = Your Film and the Lap